| 000 | 00664nam a22002411c 4500 | ||
|---|---|---|---|
| 001 | a987677616 | ||
| 008 | 161024s1999 gw |||| 000u rus d | ||
| 020 |
_a5867890929 _95-86789-092-9 |
||
| 041 | _arus | ||
| 245 | 0 | 0 |
_aVsesojuznaja perepis' naselenija 1939 goda : _bOsnovnye itogi. Rossija |
| 264 |
_aSankt-Peterburg : _bRussko-Baltijskij Informacionnyj Centr BLIC, _c1999 |
||
| 300 | _a207 S. | ||
| 648 | 0 | _a1939 | |
| 650 | 0 | _aVolkszählung | |
| 650 | 0 | _aStatistik | |
| 651 | 0 | _aSowjetunion | |
| 655 | 0 | _aQuelle | |
| 700 | 1 |
_aŽiromskaja, Valentina B. _eHerausgeberIn |
|
| 710 | 2 | _aRAN | |
| 942 | _cMG | ||
| 040 | _cRU-10907106 | ||
| 003 | RU-10907106 | ||
| 999 |
_c22461 _d22461 |
||